| 000 | 00354nam a2200145Ia 4500 | ||
|---|---|---|---|
| 008 | 150201s1989 xx 000 0 und d | ||
| 082 |
_a611 _bP1989E |
||
| 100 | _aENGLAND ,M.A. | ||
| 245 | _aPICTURE TEST IN EMBRYOLOGY | ||
| 250 | _a1ST | ||
| 260 |
_bWOLFE PUBLICATION _aLONDON _c1989 |
||
| 300 | _a1-128 | ||
| 650 | _aHUMAN EMBRYOLOGY | ||
| 942 |
_2ddc _cBK |
||
| 999 |
_c3564 _d3564 |
||